Botanica: The illustrated A - Z of over 10,000 garden plants and how to cultivate them

محفوظ في:
التفاصيل البيبلوغرافية
التنسيق: كتاب
اللغة:Undetermined
منشور في: Australia Random House 1998
الموضوعات:
الوسوم: إضافة وسم
لا توجد وسوم, كن أول من يضع وسما على هذه التسجيلة!
Thư viện lưu trữ: Trung tâm Học liệu Trường Đại học Cần Thơ
LEADER 00464nam a2200157Ia 4500
001 CTU_54595
008 210402s9999 xx 000 0 und d
020 |b 759000 
082 |a 635.9 
082 |b B748 
245 0 |a Botanica: The illustrated A - Z of over 10,000 garden plants and how to cultivate them 
260 |a Australia 
260 |b Random House 
260 |c 1998 
650 |a plants, ornamental 
980 |a Trung tâm Học liệu Trường Đại học Cần Thơ